| 000 | 00515nam a2200169 i 4500 | ||
|---|---|---|---|
| 001 | 55786 | ||
| 003 | ES-MaACL | ||
| 005 | 20230906163223.0 | ||
| 007 | t| | ||
| 008 | 030926s1970 sp ||||1| spa d | ||
| 100 | 1 |
_aDheilly, J. _944066 |
|
| 245 | 1 | 0 |
_aDiccionario bíblico / _cJ. Dheilly ; [versión de Aljandro Esteban Lator Ros]. |
| 260 |
_aBarcelona : _bHerder, _c1970. |
||
| 300 |
_a1315 p., 10 map. pleg. ; _c20 cm. |
||
| 700 | 1 |
_aLator Ros, Alejandro Esteban. _970527 |
|
| 852 |
_aES-MaACL _jC-39476 _bR.74940 |
||
| 999 |
_c55786 _d55786 |
||